|
|
|
|
| LEADER |
01286nam a22003257a 4500 |
| 001 |
35247 |
| 003 |
BD-DhAAL |
| 005 |
20211206113554.0 |
| 008 |
200120t1985 nyu a 11 eng d |
| 999 |
|
|
|c 42168
|d 42168
|
| 020 |
|
|
|a 0021795231
|
| 020 |
|
|
|a 9780021795239
|
| 020 |
|
|
|a 0027827100
|
| 040 |
|
|
|a BD-DhAAL
|
| 082 |
|
|
|a 591.65
|
| 100 |
|
|
|a Simon, Seymour
|9 39042
|
| 245 |
|
|
|a 101 questions and answers about dangerous animals /
|c Seymour Simon ; illustrations by E. Friedman.
|
| 260 |
|
|
|a New York :
|b Macmillan ;
|a London :
|b Collier Macmillan,
|c c1985.
|
| 300 |
|
|
|a 88 pages :
|b illustrations ;
|c 24 cm.
|
| 500 |
|
|
|a Includes index.
|
| 526 |
|
|
|a BIED
|
| 541 |
|
|
|a Complimentary copy from BIED
|e 35247
|
| 650 |
|
|
|a Dangerous animals
|v Miscellanea
|v Juvenile literature.
|9 39043
|
| 650 |
|
|
|a Dangerous animals
|v Miscellanea.
|9 39044
|
| 650 |
|
|
|a Animals
|v Miscellanea.
|9 39045
|
| 650 |
|
|
|a Questions and answers.
|9 39046
|
| 700 |
|
|
|a Friedman, E.
|q (Ellen),
|d 1943-
|9 39047
|
| 852 |
|
|
|a Ayesha Abed Library
|c BIED Collection
|
| 942 |
|
|
|2 ddc
|c BK
|
| 952 |
|
|
|0 0
|1 0
|2 ddc
|4 0
|6 591_650000000000000_SIM
|7 0
|9 67734
|a BRACUL
|b BRACUL
|c GEN
|d 2020-01-20
|e Complimentary copy from BIED
|l 1
|o 591.65 SIM
|p 3010035247
|r 2025-10-08
|s 2025-09-21
|t 1
|w 2020-01-20
|y BK
|x Transferred from BIED to General Stacks
|